Psicoanalisi e sessualità /
Guardat en:
| Autor principal: | |
|---|---|
| Altres autors: | |
| Format: | Llibre |
| Idioma: | italià |
| Publicat: |
Roma :
Newton Compton,
1985
|
| Edició: | 9. ed |
| Col·lecció: | Paperbacks saggi ;
166 |
| Matèries: | |
| Etiquetes: |
Sense etiquetes, Sigues el primer a etiquetar aquest registre!
|
MARC
| LEADER | 00000nam a22000007i 4500 | ||
|---|---|---|---|
| 001 | IT\ICCU\UBO\1638237 | ||
| 003 | ItRI | ||
| 005 | 20250730120251.0 | ||
| 008 | 030722s1985 it |||||| ||||| |||||c | ||
| 040 | |b ita |c ct | ||
| 041 | 7 | |a ita |2 ISO-639-2 | |
| 082 | |a 150.19 |2 14 | ||
| 100 | 1 | |a Freud, Sigmund |0 IT\ICCU\CFIV\003682 |4 aut | |
| 240 | 1 | 0 | |a Psicoanalisi e sessualità |9 Freud, Sigmund |
| 245 | 1 | 0 | |a Psicoanalisi e sessualità / |c Sigmund Freud ; introduzione di Flavio Manieri. |
| 250 | |a 9. ed | ||
| 260 | |a Roma : |b Newton Compton, |c 1985 | ||
| 300 | |a 238 p. ; |c 21 cm | ||
| 650 | 7 | |a Psicanalisi | |
| 700 | 1 | |a Manieri, Flavio |0 IT\ICCU\CFIV\067899 | |
| 830 | 0 | |a Paperbacks saggi ; |v 166 |0 IT\ICCU\CFI\0017915 | |
| 942 | |2 ddc |c BK | ||
| 952 | |0 0 |1 0 |2 ddc |4 0 |6 B_SPS03FRESIPSI11 |7 0 |9 8795 |a MI |b MI |d 1988-05-09 |i 1037 |l 0 |o B-SPS03-FRESI-PSI11 |p CDOM1037 |r 2025-07-17 21:50:35 |w 2025-07-17 |x ACQUISTO |y BK | ||
| 981 | 1 | |6 z01 |a i |b xxxe | |
| 982 | 1 | |6 z01 |a n | |
| 999 | |c 7306 |d 7306 | ||